| 000 | 00467nab a2200145Ia 4500 | ||
|---|---|---|---|
| 003 | ES-SlBCS | ||
| 005 | 20210601133714.0 | ||
| 008 | 140529s2000 xxu||||| |||| 00| 0 por d | ||
| 041 | _apor | ||
| 100 | 1 |
_aTeixeira, Joao António Pinheiro _9124131 |
|
| 245 | 0 | 0 |
_aO acesso do Homem a Deus em Xavier Zubiri _c Joao António Pinheiro Teixeira |
| 600 | 1 | 4 |
_aZubiri-Acceso a Dios _9208396 |
| 773 | 0 |
_tDidaskalia _gvol. 30, nº. 2, 2000, págs. 149-192 _wRev163 |
|
| 942 | _cAR | ||
| 999 |
_c600810 _d600810 |
||